LEADER 01561nam a2200349 u 4500 001 000000019270 003 CaOOAMICUS 005 20070226110753.0 008 950203r19811979it u000 u ita u 035 $a10463338 040 $aPUL(R)$bita 041 1 $aita$hgrc 100 0 $aIrenaeus Lugdunensis,$cs.,$d130/149-c. 198.$0(OLS)http://pul/name/3472 240 10$aOpere$9(Irenaeus, s., vesc. di Lyon, m. 202).$lItaliano.$0(OLS)http://pul/title/27292 245 10$aContro le eresie e gli altri scritti /$cIreneo di Lione ; introduzione, traduzione, note e indici a cura di Enzo Bellini. 260 $aMilano :$bJaca Book,$c1981, c1979. 300 $a688 p. ;$c24 cm 490 1 $aGià e non ancora ;$v76 500 $aComprende indici. 504 $aBibliografia: p. 41-43. 700 1 $aBellini, Enzo.$0(OLS)http://pul/name/6756 830 0$aGià e non ancora ;$v76.$0(OLS)http://pul/title/129 850 $aPUL 852 $aPUL$W1$xDP2 Religione 1$y63$m21 G 39$j27118$nBK-PRI$qStampati$B27118$CPULBib$Z2$F27118 $H49423 $81 852 $aPUL$W1$xCollocazioni Temporanee$y24$mCONS.261$j27119$nBK-PRI$b $qStampati$B27119$CPULBib$Z2$F27119 $H $81 900 $aIrénée de Lyon$cs., vesc.,$dm. 202 $93472 900 $aIreneo,$cs., vesc. di Lione,$dm. 202$93472 941 1 $a8 961 $aINV: 49423 961 $aINV: 0517 996 $6245$aContro le eresie e gli altri scritti$9(OLS)http://pul/title/27293 996 $6260$aMilano :$bJaca Book$9(OLS)http://pul/publisher/47900 LEADER 01636nam a2200337 u 4500 001 000000111079 003 CaOOAMICUS 005 20080407123343.0 008 080407s2008 it u000 u ita u 020 $z978-88-6132-149-6* 040 $aPUL$bita$dLDB 110 1 $aItalia.$kLeggi, statuti, ecc.$0(OLS)http://pul/name/10145 245 10$aCodice del condominio negli edifici :$blegislazione, giurisprudenza, bibliografia, formulario e pratica /$ca cura di Corrado Sforza Fogliani e Stefano Maglia. 250 $a17. ed. 260 $aPiacenza :$bLa Tribuna,$c2008. 300 $a1790 p. ;$c20 cm. 490 1 $aEdilizia & immobili 500 $aInclude indici. 500 $aTesto su due colonne. 500 $aSulla cop. : Aggiornato con le norme sul risparmio energetico nei fabbricati. 650 4$aCondominio$xLegislazione.$0(OLS)http://pul/subject/27549 650 4$aCondominio$xGiurisprudenza.$0(OLS)http://pul/subject/27550 700 1 $aSforza Fogliani, Corrado,$d1938-$0(OLS)http://pul/name/52768 700 1 $aMaglia, Stefano.$0(OLS)http://pul/name/52769 830 0$aEdilizia & immobili.$0(OLS)http://pul/title/135893 850 $aPUL 852 $aPUL$W1$xDP2 Diritto e Scienze Sociali 3$y110$m348. 45 BCOLL 2.19$j127335$qDDC 21$B126042$CPULBib$Z2$F126042 $H106900 $82 941 1 $a9 996 $6020$z978-88-6132-149-6*$9(OLS)http://pul/number/137659 996 $6245$aCodice del condominio negli edifici :$blegislazione, giurisprudenza, bibliografia, formulario e pratica$9(OLS)http://pul/title/139647 996 $6260$aPiacenza :$bLa Tribuna$9(OLS)http://pul/publisher/69734